000
00312nam a22001337a 4500
008
181210b xxu||||| |||| 00| 0 eng d
020
_a
0070480575
041
_a
eng
080
_a
510
100
_a
37
101
_a
MAT
245
_a
Handbook Numeirical Analysis Applications
_c
Jaroslav.p
942
_2
udc
_c
BK
999
_c
53119
_d
53119